| 000 | 00409nam a2200145 i 4500 | ||
|---|---|---|---|
| 001 | 101492 | ||
| 003 | ES-MaACL | ||
| 007 | t| | ||
| 008 | 051019s1979 sp ||||1| spa d | ||
| 100 | 1 |
_aMedina, José Luis. _979699 |
|
| 245 | 1 | 0 |
_aEsculturas, dibujos / _cJ. L. Medina. |
| 260 |
_aMadrid : _b[s.n.], _c1979 ( _fImp. Sodegraf) |
||
| 300 |
_a20 h., 43 lám. ; _c29 cm. |
||
| 852 |
_aES-MaACL _jL-3782 _bR.104779 |
||
| 999 |
_c101492 _d101492 |
||